000 00428nam a2200145 i 4500
001 104089
003 ES-MaACL
007 t|
008 051123s1922 fr ||||1| fre d
100 1 _aMichel, Léopold.
_980900
245 1 0 _aEtudes et notes de Géologie Appliquée /
_cLéopold Michel.
260 _aParis :
_bCh. Béranger,
_c1922.
300 _aVIII, 701 p., 3 plan. pleg. :
_bil. ;
_c28 cm.
852 _aES-MaACL
_jB-3860
999 _c104089
_d104089